Missing Word: Female Firsts A-Z Quiz Stats

Quiz Updated Feb 26, 2016

Challenge
Share
Tweet
Embed
Score 0/24 Timer 04:00
0 Plays Today
Hint Answer % Correct
F: Aretha _______Franklin
96.3%
O: _____ WinfreyOprah
94.5%
E: Amelia _______Earhart
94%
Q: _____ LatifahQueen
93.2%
T: Margaret ________Thatcher
93.2%
C: Marie _____Curie
91.9%
Z: New _______Zealand
90%
D: Sandra ___ O'ConnorDay
83%
A: Madeleine _______Albright
80.4%
M: ______ WashingtonMartha
80.4%
G: _____ MeirGolda
75.1%
I: _______ GandhiIndira
72.9%
Hint Answer % Correct
P: Nancy ______Pelosi
71.7%
R: Janet ____Reno
67.4%
K: ________ BigelowKathryn
61.4%
B: Benazir ______Bhutto
59.9%
H: ______ McDanielHattie
45.7%
W: Edith _______Wharton
43.7%
S: Elizabeth Ann _____Seton
20.9%
V: _______ TereshkovaValentina
17.7%
J: ________ RankinJeannette
12.6%
L: ____ Hobbs TaylorLucy
11.3%
N: _______ Tayloe RossNellie
8.7%
Y: Yoshioka _____Yayoi
2.3%

Today's Daily Dose

Missing Word
NPR Programs

Quick Pick
1991 Events

On This Day
June 18th II

You're not logged in!

Compare scores with friends on all Sporcle quizzes.
Join for Free
OR
Log In

You Might Also Like...

Show Comments

Extras

Top Quizzes Today


Score Distribution

Your Account Isn't Verified!

In order to create a playlist on Sporcle, you need to verify the email address you used during registration. Go to your Sporcle Settings to finish the process.

Report this User

Report this user for behavior that violates our Community Guidelines.

Details: